Konkurenčná schopnosť agrárnych podnikov v SR po vstupe do EÚ

Saved in:
Bibliographic Details
Main Author: Grznár, Miroslav
Other Authors: Szabo, Ľuboslav
Format: Book Chapter
Language:Slovak
Tags: Add Tag
No Tags, Be the first to tag this record!

MARC

LEADER 00000nla$a2200000$$$4500
001 0060521
005 20240502083143.7
041 0 |a slo 
044 |a CZ 
245 1 0 |a Konkurenčná schopnosť agrárnych podnikov v SR po vstupe do EÚ  |c Miroslav Grznár, Ľuboslav Szabo 
100 1 |a Grznár, Miroslav 
700 1 |a Szabo, Ľuboslav